000 01517pam a2200385 i 4500
001 4490083
003 EG-ScBUE
005 20250326091806.0
008 970808t1998 nyua f 001 0 eng
020 _a0070572615 (pbk.)
020 _a9780070572614
040 _aEG-ScBUE
_beng
_erda
_cEG-ScBUE
_dEG-ScBUE
082 0 4 _a512.076
_222
_bSAF
100 1 _aSafier, Fred,
_eauthor.
245 1 0 _aSchaum’s outline of theory and problems of precalculus /
_cFred Safier, professor of mathematics, City College of San Francisco.
246 3 0 _aTheory and problems of precalculus
246 3 0 _aPrecalculus
264 1 _aNew York :
_bMcGraw-Hill,
_c[1998]
264 4 _cc1998
300 _aiii, 407 pages :
_billustrations ;
_c28 cm.
336 _2rdacontent
_atext
_btxt
337 _aunmediated
_2rdamedia
_bn
338 _avolume
_bnc
_2rdacarrier
490 0 _aSchaum's outline series
500 _aIncludes index.
650 7 _aAlgebra
_xProblems, exercises, etc.
_2BUEsh
650 7 _aAlgebra
_xOutlines, syllabi, etc.
_2BUEsh
650 7 _aTrigonometry
_xProblems, exercises, etc.
_2BUEsh
650 7 _aTrigonometry
_xOutlines, syllabi, etc.
_2BUEsh
655 _vReading book
856 4 2 _3Publisher description
_uhttp://www.loc.gov/catdir/description/mh023/97029333.html
856 4 1 _3Table of contents
_uhttp://www.loc.gov/catdir/toc/mh022/97029333.html
942 _2ddc
_cBB
999 _c10838
_d10838